Statistics for Best Selling Digital Singles

Click here to take the quiz!

General Stats

  • This quiz has been taken 15 times
  • The average score is 21 of 30

Answer Stats

Artist Copies Sold Answer % Correct
Psy13.5mGangnam Style
100%
Adele12.3mHello
93%
Meghan Trainor11mAll About That Bass
86%
Pharrell Williams13.9mHappy
86%
Carly Rae Jepsen18mCall me Maybe
86%
Mark Ronson featuring Bruno Mars20mUptown Funk
86%
Robin Thicke ft. T.I. and Pharrell14.8mBlurred Lines
86%
Wiz Khalifa ft. Charlie Puth20.9mSee You Again
79%
Ed Sheeran19.5mThinking Out Loud
79%
Macklemore and Ryan Lewis13.4mThrift Shop
71%
Katy Perry ft. Juicy J13.2mDark Horse
71%
John Legend12.3mAll Of Me
71%
Lady Gaga14mPoker Face
71%
Eminem ft. Rihanna12.8mLove The Way You Lie
71%
Kesha15mTiK ToK
64%
The Black Eyed Peas15mI Gotta Feeling
64%
Gotye ft. Kimbra13mSomebody That I Used to Know
64%
Jason Mraz12.2mIm Yours
64%
Lady Gaga12mBad Romance
64%
Avicii ft. Aloe Blacc11.1mWake Me Up
64%
Maroon 513.5mSugar
57%
Bruno Mars13.6mJust The Way You Are
57%
Ellie Goulding12.6mLove Me Like You Do
57%
Maroon 5 ft. Christina Aguilera14.4mMoves Like Jagger
57%
LMFAO14mParty Rock Anthem
57%
Flo Rida ft. Kesha12mRight Round
57%
Flo Rida ft. T-Pain12mLow
57%
Katy Perry11mFirework
57%
Adele14mRolling In The Deep
57%
Major Lazer & DJ Snake ft. MØ13.1mLean On
50%

Score Distribution

Percentile by Number Answered

Percent of People with Each Score

Your Score History

You have not taken this quiz